| 000 | 00618pam a2200229 a 4500 | ||
|---|---|---|---|
| 001 | 579091 | ||
| 005 | 20180814041559.0 | ||
| 008 | 900406s1990 nyua b 001 0 eng | ||
| 010 | _a 90001828 | ||
| 020 | _a0879693509 | ||
| 040 |
_aDLC _cDLC _dDLC |
||
| 041 | _aeng | ||
| 080 | _a589.9015 | ||
| 082 | 0 | 0 |
_a589.9015 _220 |
| 100 | 1 | _a6 | |
| 101 | _agen | ||
| 245 | 1 | 4 |
_aThe emergence of bacterial genetics / _cby Thomas D. Brock. |
| 504 | _aIncludes bibliographical references. | ||
| 906 |
_a7 _bcbc _corignew _d1 _eocip _f19 _gy-gencatlg |
||
| 942 |
_2ddc _cBK |
||
| 999 |
_c47080 _d47080 |
||